LEADER 01241nam a2200301 a 4500 001 000000169766 003 CaOOAMICUS 005 20181005135031.0 008 181005s2001 it 000 u ita r 020 $a88-384-5161-3* 032 $aLibriCat 040 $aPul$bita 100 1 $aTorcivia, Mario,$csac.,$d1964-$0(OLS)http://pul/name/69893 245 10$aGuida alle nuove comunità monastiche italiane / $cMario Torcivia ; prefazione di Enzo Bianchi. 260 $aCasale Monferrato :$bPiemme,$c©2001. 300 $a412 p. ; $c23 cm. 490 1 $aPiemme religione 650 4$aMonachesimo$zItalia.$0(OLS)http://pul/subject/45649 700 1 $aBianchi, Enzo,$d1943-$0(OLS)http://pul/name/26766 830 0$aReligione (Piemme).$0(OLS)http://pul/title/58060 850 $aPUL 852 $aPUL$W1$xDP1 Fondo Dalla Palma$y117$m10 A 96$j163846$qFondi$B197829$CPULBib$Z2$F197829 $HDal1820 $81 941 1 $a1 983 0$aPiemme Religione. 996 $6020$a88-384-5161-3*$9(OLS)http://pul/number/164795 996 $6245$aGuida alle nuove comunità monastiche italiane / $9(OLS)http://pul/title/210421 996 $6260$aCasale Monferrato :$bPiemme$9(OLS)http://pul/publisher/51813 LEADER 01053nam a2200265 u 4500 001 000000075454 003 CaOOAMICUS 005 20070226123113.0 008 031003s2002 it u000 u ita u 020 $a8831522876 035 $a10971942 040 $aMSA$bita 100 1 $aDotolo, Carmelo,$d1959-$0(OLS)http://pul/name/25919 245 13$aLa rivelazione cristiana :$bparola evento mistero /$cCarmelo Dotolo. 260 $aMilano :$bPaoline,$c2002. 300 $a205 p. ;$c21 cm 490 1 $aDiaconia alla verità ;$v1 650 4$aTeologia.$0(OLS)http://pul/subject/118 830 0$aDiaconia alla verità ;$v1.$0(OLS)http://pul/title/99023 850 $aPUL 852 $aPUL$W1$xSL Religione 1$y3$m62 L 60.1$j97100$nBK-PRI$b $qStampati$B97100$CPULBib$Z2$F97100 $HPUL98595 $81 941 1 $a8 996 $6020$a8831522876$9(OLS)http://pul/number/98438 996 $6245$aLa rivelazione cristiana :$bparola evento mistero$9(OLS)http://pul/title/99022 996 $6260$aMilano :$bPaoline$9(OLS)http://pul/publisher/60808